[Event "Budapest FS06 GM"]
[Site "Budapest"]
[Date "1999.06.07"]
[Round "3"]
[White "Nguyen, Anh Dung"]
[Black "Anastasian, Ashot"]
[Result "0-1"]
[WhiteElo "2485"]
[BlackElo "2529"]
[Annotator "Finkel,A"]
[PlyCount "108"]
[EventDate "1999.06.??"]
[EventType "tourn"]
[EventRounds "10"]
[EventCountry "HUN"]
[EventCategory "9"]
[SourceTitle "CBM 072"]
[Source "ChessBase"]
[SourceDate "1999.10.01"]
[SourceVersion "1"]
[SourceVersionDate "1999.10.01"]
[SourceQuality "1"]

1. e4 Nf6 2. e5 Nd5 3. d4 d6 4. Nf3 Bg4 5. Be2 e6 6. O-O Nc6 7. c4 Nb6 8. exd6
cxd6 9. d5 exd5 10. cxd5 Bxf3 11. Bxf3 (11. gxf3 $5) 11... Ne5 12. Be2 Be7 13.
Nc3 (13. b3 O-O 14. Bb2 Bf6 15. Nc3 Nbd7 16. Qd2 Qa5 17. Rfd1 Qb4 18. Nb5 Qxd2
$13 {Seidman,H-Berliner,H/USA-ch 1960}) (13. a4 O-O 14. Ra3 (14. f4 Ng6 15. a5
Nd7 16. Nd2 Qc7 17. Nc4 b5 18. Ne3 $14 {Oratovsky,M-Kaenel,H/Saanen 1994})
14... f5 15. f4 Ng6 16. Rh3 Bf6 17. g4 Qc7 18. g5 $14 {Yates,F-Colle,E/
Scarborough 1930}) (13. f4 Ned7 14. a4 Nf6 15. a5 Nbd7 16. Nc3 O-O 17. Be3 b6
18. a6 $14 {Horvath,J-Gombocz,Z/HUN-chT2 1994}) 13... O-O (13... Rc8 14. Be3
O-O 15. Bd4 Ned7 16. a4 a5 17. Re1 $14 {Moiseev,V-Baburin,A/Spring op 1990})
14. a4 a5 (14... a6 15. a5 Nbd7 16. Be3 f5 17. f4 Nf7 18. Qb3 Bf6 19. Bd3 g6
20. Na4 $14 {Mencinger,V-Leopoldseder,S/Finkenstein op 1994}) 15. Ra3 Ned7 16.
Bb5 Nc5 17. Ne2 (17. Qh5 $6 g6 18. Qh6 Bf6 19. Rd1 Bg7 20. Qh3 Rc8 $13) 17...
Bg5 18. Nf4 $6 ({Missing an interesting possibility to fight for the advantage
} 18. f4 $5 Bf6 19. g4 g6 20. g5 Bg7 21. f5 $5 f6 22. fxg6 hxg6 23. gxf6 Rxf6
24. Rg3 $14) 18... Rc8 19. h4 Bh6 (19... Bxh4 $5 20. Rh3 Ne4 (20... Bg5 21. Qh5
h6) 21. Bd3 $44) 20. Qg4 $6 {Absolutely unjustified sacrifice after which
white has to fight for equality} (20. g3) 20... Bxf4 21. Bxf4 Nxd5 22. Bg5 Nf6
23. Qf3 (23. Qf5 $5) 23... d5 24. Rd1 (24. Bxf6 Qxf6 25. Qxf6 gxf6 26. Rg3+ Kh8
27. Rd1 Rfd8 28. Re3 Ne6 $15) 24... Nce4 25. Rad3 Qb6 26. Be3 (26. g4 Rc2 (
26... Nxg4 27. Qxg4 Nxf2 28. Qd4 Qxd4 29. Rxd4 Nxd1 30. Rxd1 f6 31. Be3 $44)
27. Be3 Qe6 28. g5 Ng4 $17) 26... Qe6 27. Bd4 Rc2 28. Qf4 Rfc8 29. f3 $2 ({
After correct} 29. Re1 $5 {the position would remain unclear.}) 29... Nh5 30.
Qe5 (30. Qe3 Qg6 31. g4 Qd6 $1 (31... Nf2 $5) 32. fxe4 Qh2+ 33. Kf1 Nf4 $19 {
[%csl Rf1]}) 30... Qxe5 (30... Rxg2+ 31. Kxg2 Rc2+ 32. R3d2 Qxe5 33. Bxe5 Rxd2+
34. Rxd2 Nxd2 $17) 31. Bxe5 Nf2 32. Rxd5 Nxd1 33. Rxd1 Rc1 $17 34. Rxc1 Rxc1+
35. Kh2 (35. Kf2) 35... Nf6 36. Bc3 b6 37. Bc6 Rd1 38. g4 Nd5 39. Be5 f6 40.
Bb8 Rd2+ 41. Kg3 Ne7 42. Bb5 Rxb2 43. Bc7 (43. Bd6 Kf7 44. Bc4+ Kf8) 43... Rxb5
$1 $19 {The simplest and the quickest way to win the game.} 44. axb5 Nd5 {
[%cal Ga5a1]} 45. Bd6 Nc3 46. Bc7 Nxb5 47. Bxb6 a4 48. Be3 a3 49. Bc1 a2 50.
Bb2 Na3 51. Kf4 Nc2 52. Ke4 a1=Q 53. Bxa1 Nxa1 54. Kd4 Nb3+ 0-1

[Event "SUI-ch"]
[Site "Leukerbad"]
[Date "2002.07.18"]
[Round "8"]
[White "Gallagher, Joseph G"]
[Black "Ballmann, Martin"]
[Result "1-0"]
[WhiteElo "2517"]
[BlackElo "2431"]
[Annotator "Finkel,A"]
[PlyCount "98"]
[EventDate "2002.07.11"]
[EventType "tourn"]
[EventRounds "9"]
[EventCountry "SUI"]
[EventCategory "9"]
[SourceTitle "CBM 091"]
[Source "ChessBase"]
[SourceDate "2002.11.12"]
[SourceVersion "1"]
[SourceVersionDate "2002.11.12"]
[SourceQuality "1"]

1. e4 Nf6 2. e5 Nd5 3. d4 d6 4. Nf3 Bg4 5. Be2 e6 6. O-O Be7 7. h3 Bh5 8. c4
Nb6 9. Nc3 O-O 10. Be3 d5 $6 {This move can hardly be recommened. Now white
gets clear advantage without making any effort.} (10... Bxf3) 11. c5 Nc4 (11...
Nc8 12. b4 a6 13. a4 Nc6 14. b5 Na5 15. Nd2 Bg6 16. Nb3 $14 {Nunn,J-Dankert,P/
Germany 1992}) (11... N6d7 12. b4 b6 13. Rc1 c6 14. Na4 a5 15. g4 Bg6 16. b5
bxc5 17. dxc5 $14 {[%cal Gb5b6] Kavalek,L-Martz,W/El Paso 1973}) 12. Bxc4 dxc4
13. Qe2 {[%csl Rc4] Reminding black that he has a weak pawn on c4.} Bxf3 (13...
Qd7 14. Qxc4 Nc6 15. b4 b5 16. Nxb5 Rfb8 17. Rab1 $16 {Rovid,K-Mozes,E/HUN 1992
}) 14. Qxf3 (14. gxf3 $5 Bg5 15. Kh2 f5 16. f4 Bh6 17. Qxc4 Qh4 18. Qxe6+ Kh8
19. Ne2 $16 {Enklaar,B-Bohm,H/Wijk aan Zee 1975}) 14... Nc6 15. Rad1 Qc8 (15...
Qd7 $6 16. Qe2 Na5 17. d5 exd5 18. Nxd5 $18 {[%cal Gd1d7]}) 16. Qe2 Na5 17. d5
exd5 18. Nxd5 Bd8 19. Bd2 $1 {Simple and strong. Black has to give up a pawn.}
(19. Qh5 c6 20. Nc3 Bc7 21. f4 Qe6 $14) 19... c6 20. Ne3 b5 (20... Qe6 21. f4
b5 22. cxb6 axb6 23. Bb4 c5 24. Rd6 Qe8 25. Bxa5 Rxa5 26. Qxc4 $16) 21. cxb6
axb6 22. Bb4 $5 c5 23. Bxa5 Rxa5 24. Qxc4 $16 b5 25. Qd5 c4 26. b4 cxb3 (26...
Rxa2 27. Qxb5 c3 28. Rc1 {[%csl Rc3]}) 27. axb3 Bb6 28. Qe4 {[%cal Ge3d5]} Bxe3
29. Qxe3 Ra3 30. Rd6 $1 {e6 is coming...} Qc2 31. e6 fxe6 (31... Rxb3 $2 32.
exf7+ Rxf7 33. Rd8+ Rf8 34. Qe6+ $18) 32. Qxe6+ Kh8 33. Qe7 Raa8 34. Rd7 Rg8
35. Qb4 Qf5 36. Qd4 $1 {[%csl Rg7] Keeping an eye on g7.} Ra3 37. Re1 Qg6 (
37... Rxb3 38. Rxg7 $1 Rd3 39. Qb2 $18) 38. Re3 {[%cal Ge3g3] Bringing another
rook into play.} Ra2 39. Rg3 Qh6 40. Rgxg7 Qxg7 41. Rxg7 Rxg7 42. Qe5 h6 43.
Qxb5 Rb2 44. Qd3 Kg8 45. h4 Ra2 46. b4 Kh8 47. b5 Ra8 48. Qe3 Ra1+ (48... Rg6
49. Qe5+ Kh7 50. h5 Rgg8 51. Qe7+ Kh8 52. b6 $18) 49. Kh2 Ra4 1-0

[Event "Imre Konig Memorial 1st"]
[Site "San Francisco"]
[Date "2002.09.14"]
[Round "8"]
[White "Fedorowicz, John P"]
[Black "Baburin, Alexander"]
[Result "1/2-1/2"]
[WhiteElo "2509"]
[BlackElo "2580"]
[Annotator "Finkel,A"]
[PlyCount "64"]
[EventDate "2002.09.04"]
[EventType "tourn"]
[EventRounds "9"]
[EventCountry "USA"]
[EventCategory "12"]
[SourceTitle "CBM 092"]
[Source "ChessBase"]
[SourceDate "2003.02.06"]
[SourceVersion "1"]
[SourceVersionDate "2003.02.06"]
[SourceQuality "1"]

1. e4 Nf6 2. e5 Nd5 3. d4 d6 4. Nf3 Bg4 5. Be2 e6 6. O-O Be7 7. c4 Nb6 8. Nc3
O-O 9. h3 Bh5 10. Be3 d5 ({Another alternative is} 10... N8d7 {leading to
different kind of positions.}) 11. c5 Bxf3 12. gxf3 Nc8 13. f4 {White has a
significant advantage in space, but black has no weaknesses, that's why it's
not an easy task for white to shatter black's position.} (13. b4 f5 $6 (13...
f6 14. f4 fxe5 15. fxe5 Qe8 $14) (13... b6 14. Rb1 f5 15. f4 Rf7 16. Kh1 $14) (
13... Nc6 14. b5 Na5 15. Qa4 b6 16. c6 $14) 14. f4 Kh8 15. Bd3 g5 16. Qh5 $16)
13... Nc6 {[%cal Ge7h4,Gc6e7,Ge7f5] Intending to bring the knight to f5.} (
13... f5 14. b4 b6 (14... Bh4 15. Kh2 Kh8 (15... Ne7 16. Rg1 b6 17. a3 Nd7 18.
Rc1 Kh8 19. c6 $1 $16 {Rosseli,M Bernardo-Stull,Norbert/Salonika (Greece) 1988}
) 16. Rg1 Rg8 17. b5 Ne7 18. a4 Qe8 19. Bd3 Nd7 20. Rg2 $14 {Khmelnitsky,Igor
N-Panchenko,Alexandar G/Pula (Croatia) 1990}) (14... Qe8 $5 15. b5 Bd8 16. Qb3
Ne7 17. Kh2 Rf7 18. a4 Nd7 19. Bh5 g6 20. Bf3 Rb8 21. a5 $14 {Dueball,
Juergen-Schifferdecker,Wilhelm/Germany 1980}) (14... Rf7 $5 15. Kh2 Bf8 16. Bd3
a6 17. Ne2 Nc6 18. a3 N8a7 19. Ng1 g6 20. Nf3 Rg7 21. Rg1 Be7 22. Qd2 $14 {
Cabrilo,Goran-Haik,Aldo/Vrnjachka Banja (Yugoslavia) 1981}) (14... a6 $5 15.
Kh1 Rf7 16. Rg1 Bf8 17. Qb3 Nc6 18. Rg3 Rd7 19. Rag1 N8e7 20. Bh5 Qb8 21. a3
$14 {German,Gustavo-Milos,Gilberto/Villa Martelli (Argentina) (8) 1997}) 15. a3
c6 16. Kh2 Rf7 17. Na4 Bf8 18. Rc1 Rb7 19. Bd2 g6 20. Bd3 Kh8 $13 {Byrne,
Robert E-Vukic,Milan/Bugojno (Bosnia & Herzegovina) 1978}) 14. b4 Bh4 (14... a6
15. a3 Bh4 16. Bd3 g6 17. Qg4 f5 18. Qd1 Kh8 19. Kh2 N8e7 20. Ne2 Ng8 21. Ng1
Nh6 22. Nf3 $14 {Solozhenkin,E-Bagirov,V/Sevastopol 1986}) (14... f5 $2 15. Qa4
$1 Bh4 16. b5 N6e7 17. Kh2 Kh8 18. Qd1 $1 Ng6 19. a4 b6 20. a5 $16 {Tiviakov,
S-Castelfranchi,C/St Vincent 1998}) 15. Rb1 {white will have to push a b-pawn
sooner or later, but he doesn't to do it right away because black knight has
very comfortable square a5.} (15. b5 Na5 16. Bd3 g6 17. Qg4 h5 (17... f5 18.
Qg2 Ne7 19. Kh2 b6 20. c6 a6 21. a4 Nc4 22. Ne2 Nxe3 23. fxe3 a5 $11 {McDonald,
N-Palatnik,S/Hastings 2000}) 18. Qf3 Ne7 19. Kh2 f5 20. Rg1 Kf7 21. Qe2 c6 22.
Rab1 $14 {Dorfman,J-Bagirov,V/Ordzhonikidze 1978}) 15... N8e7 (15... N6e7 16.
Bd3 g6 17. Kh1 Nf5 18. Bxf5 exf5 19. Ne2 a6 20. a4 Ne7 21. b5 axb5 $11 {
1/2-1/2 Hendriks,W-Vakhidov,T/Dieren 1998/EXT 99 (21)}) 16. Bd3 g6 17. Kh2 (17.
Qg4 Nf5 18. Bxf5 exf5 19. Qf3 Ne7 20. b5 Qd7 21. a4 Rfd8 22. Kh2 b6 23. a5 Qe6
24. axb6 $1 axb6 25. c6 $14 {Razuvaev,Y-Alburt,L/Ashkhabad 1978}) (17. Qf3 Nf5
18. Bxf5 gxf5 19. Qh5 Kh8 20. Kh2 Rg8 21. Qxf7 Qe8 22. Qxe8 Raxe8 23. Rg1 (23.
Ne2 Kg7 24. Ng1 h6 25. Nf3 Be7 26. Bd2 a6 27. a4 Kf7 28. Rfc1 Ra8 29. Rb2 Rgc8
$11 {Tiviakov,S-Velicka,P/Cheliabinsk 1990}) 23... Rxg1 24. Kxg1 Kg8 {
Kindermann,S-Baburin,A/Germany 1998/GER-chT}) 17... Nf5 18. Bxf5 exf5 19. Rg1
$6 {After this move black manages to bring the knight to e6 that's why it was
necessary to play} (19. Qf3 $5 Ne7 20. b5 {with some initiative.}) 19... Qd7
20. Qf3 Rfd8 21. Qh5 Be7 22. Qd1 a6 23. Ne2 {White is aware that he has no
opening advantage that's why he is trying to consolidate his position by
bringing the knight to f3.} (23. b5 axb5 24. Rxb5 Ra3 25. Rb3 Ra7 $15) 23...
Kh8 24. Qc2 Rg8 {[%cal Gc6d8,Gd8e6]} 25. a3 Nd8 26. Rg3 Ne6 27. a4 (27. Ng1 Bf8
28. Nf3 h5 29. h4 Bh6 $15) 27... c6 28. Rb3 Bf8 29. Qb1 Bh6 30. h4 Ng7 31. Rh3
Nh5 32. Qc1 Qe6 $15 1/2-1/2

[Event "RUS-chT 05th"]
[Site "Maikop"]
[Date "1998.06.11"]
[Round "9"]
[White "Drozdov, Igor"]
[Black "Bratchenko, Alexander"]
[Result "1-0"]
[WhiteElo "2440"]
[BlackElo "2355"]
[Annotator "Finkel,A"]
[PlyCount "71"]
[EventDate "1998.06.03"]
[EventType "team-tourn"]
[EventRounds "11"]
[EventCountry "RUS"]
[SourceTitle "CBM 066"]
[Source "ChessBase"]
[SourceDate "1998.09.30"]
[SourceVersion "1"]
[SourceVersionDate "1998.09.30"]
[SourceQuality "1"]
[WhiteTeam "Noyabrsk Yamal"]
[BlackTeam "Cherepovets Severstal"]
[WhiteTeamCountry "RUS"]
[BlackTeamCountry "RUS"]

1. e4 Nf6 2. e5 Nd5 3. d4 d6 4. Nf3 Bg4 5. Be2 e6 6. O-O Be7 7. h3 Bh5 8. c4
Nb6 9. Nc3 O-O 10. Be3 d5 11. cxd5 exd5 12. g4 Bg6 13. Ne1 $5 (13. Nh2 $5 Nc4
$6 14. Qb3 Nb6 15. f4 f5 16. Bd3 Nc6 17. Rae1 $14 {Zivkovic,V-Jankovic,B/
CRO-chT 1996 (37)}) (13. Bd3 c6 14. Ne2 Nc4 15. Bc1 Be4 $6 16. Ng3 Bxf3 17.
Qxf3 $16 {Cladouras,P-Grosse Kloenne,E/BL2-N 1991 (29)}) 13... f5 (13... f6 $6
14. f4 f5 15. Ng2 Nc6 16. Kh1 $6 Qd7 17. Bg1 Bb4 18. Nh4 Bxc3 19. bxc3 $14 {
Gaborit,J-Hauchard,A/FRA-chJ 1989 (46)}) (13... Nc6 14. Ng2 (14. f4 f5 15. exf6
Bxf6 16. Nf3 h6 17. b3 $5 Qd6 18. Bd3 Rae8 19. Qd2 Bxd3 20. Qxd3 Nb4 21. Qd2
Nc2 $132 {Svidler,P-Solozhenkin,E/RUS-ch 1995 (38)}) 14... f6 15. Nf4 $6 fxe5
16. dxe5 d4 17. Nxg6 hxg6 18. Qb3+ Kh8 $36 {Emms,J-Baburin,A/Isle of Man op
1996 (31)}) 14. Ng2 (14. Nd3 $5 c6 15. Nf4 Qd7 16. Kh2 Nc4 (16... Na6 17. Nxg6
hxg6 18. gxf5 gxf5 19. Bxa6 bxa6 20. Rg1 $5 f4 21. Rxg7+ $1 Kxg7 22. Qh5 $40 {
Ornstein,A-Alburt,L/Reykjavik op 1984/1-0 (65)}) 17. Nxg6 hxg6 18. gxf5 gxf5
19. Bxc4 dxc4 20. Rg1 Bb4 $2 21. Bh6 Rf7 22. Bxg7 $1 $18 {Balzar,A-Fend,J/
OLO-C 1995 (24)}) 14... Bg5 $6 {Now white has to do nothing to develop the
initiative-it's getting stronger and stronger itself.Better was} (14... c6 15.
Nf4 Qd7 16. Nxg6 hxg6 17. f4 Qe6 18. Qe1 $14) 15. Bxg5 Qxg5 16. f4 $14 Qd8 (
16... Qh6 $2 17. g5 Qxh3 18. Rf3 $18) 17. Ne3 Nc6 18. Rc1 Kh8 19. b3 $5 {
This move is not a part of white's plan,but white is not limited with time,
because black is not able to create any counterplay.} a6 (19... Qh4 20. Kg2
Rad8 21. Bb5 Ne7 22. Bd3 $14) 20. Rf2 Ne7 21. Bd3 {[%cal Gc3e2,Ge2g3]} Qd7 22.
Ne2 c6 23. Ng3 Rf7 24. h4 $16 h6 (24... fxg4 25. f5 Raf8 26. Qxg4 (26. Rg2 Nxf5
27. Ngxf5 Bxf5 28. Nxf5 Rxf5 29. Bxf5 Qxf5 30. Qxg4 $16) 26... h5 27. Qg5 $18)
25. Qc2 {Black is compleatly tied up and he has to wait for the moment when
white will decide to start actions.} Raf8 26. Re1 Qe6 27. h5 Bh7 28. gxf5 Nxf5
29. Nexf5 Bxf5 30. Nxf5 Rxf5 31. Bxf5 Rxf5 32. Rg2 $1 $18 Rxf4 (32... Rxh5 33.
Qg6 Qxg6 34. Rxg6 Kh7 35. Rd6 Rf5 36. e6 Nc8 37. Rd7 $18) 33. Qg6 Qe7 (33...
Qxg6 34. hxg6 Nc8 35. Rf1 Rxf1+ 36. Kxf1 Ne7 37. Rf2 $18) 34. Rf1 Rxd4 35. Rgf2
(35. Rf7 Rd1+ 36. Kf2 Qh4+) 35... Nd7 (35... Qg5+ 36. Qxg5 hxg5 37. Rf7 Rg4+
38. Kh2 Rf4 39. R1xf4 gxf4 40. e6 $18) 36. Rf7 1-0

[Event "BRA-ch playoff"]
[Site "Itabirito"]
[Date "1998.12.15"]
[Round "1"]
[White "Vescovi, Giovanni P"]
[Black "Leitao, Rafael Duailibe"]
[Result "0-1"]
[WhiteElo "2525"]
[BlackElo "2550"]
[Annotator "Finkel,A"]
[PlyCount "72"]
[EventDate "1998.12.15"]
[EventType "match"]
[EventRounds "4"]
[EventCountry "BRA"]
[SourceTitle "CBM 069"]
[Source "ChessBase"]
[SourceDate "1999.04.01"]
[SourceVersion "1"]
[SourceVersionDate "1999.04.01"]
[SourceQuality "1"]

1. e4 Nf6 2. e5 Nd5 3. d4 d6 4. Nf3 Bg4 5. Be2 e6 6. c4 Nb6 7. exd6 cxd6 8. Nc3
Be7 9. h3 (9. d5 e5 10. Be3 N8d7 11. Rc1 Rc8 12. b3 O-O 13. h3 Bh5 14. g4 Bg6
15. h4 $5 $36 {Van Hul,C-Mannaert,E/BEL-chT9697 1997 (25)}) 9... Bh5 (9... Bf5
10. O-O N8d7 11. Bf4 O-O 12. a4 a5 13. Re1 Nf6 14. Bf1 $14 {Govedarica,
R-Nisman,B/Belgrade op 1989 (36)}) 10. d5 (10. b3 O-O 11. Be3 Nc6 12. O-O d5
13. c5 Nc8 14. b4 $5 $14 {Tolnai,T-Hauchard,A/EU-chT 1992 (29)}) 10... e5 11.
g4 Bg6 12. Be3 (12. h4 $5 e4 $6 13. Ng5 O-O 14. Ngxe4 Re8 15. Qd4 Na6 16. h5
$16 {Messa,R-Corvi,M/Verona op 1997 (31)}) 12... N8d7 13. h4 $5 ({Nothing
promises} 13. c5 $6 Nxc5 (13... dxc5 $2 14. d6 Bf8 15. Nb5 $16) 14. Bxc5 dxc5
15. Bb5+ Kf8 16. Nxe5 Bd6 17. Nxg6+ hxg6 $13 {and black doesn't have any
problems.}) 13... h5 14. g5 a6 15. b3 ({Another possibility was} 15. Nd2 Rc8
16. b3 Nc5 17. f3 $5 {[%cal Gd2e4]} (17. Bxc5 Rxc5 18. Nde4 Rc8 19. Ng3 Nd7 20.
Rc1 (20. Bxh5 $6 Qa5 21. Rc1 Bxh5 22. Nxh5 g6 23. Ng3 b5 $36 {[%csl Rc3,Rc4]
[%cal Gc8c3]}) 20... Qa5 21. Qd2 Bd8 $5 $132) 17... Nbd7 (17... Nd3+ $6 18.
Bxd3 Bxd3 19. Nde4 Bxe4 20. fxe4 $14) 18. Nde4 Qa5 19. Nxc5 (19. Qd2 $2 Nxb3
$19) 19... Nxc5 20. Rc1 $13 {with mutual chanses.}) 15... Qc7 16. Bd3 O-O 17.
Ne4 (17. Bxg6 {Slightly different type of position would arise after} fxg6 18.
Nd2 Nc5 19. Nde4 Nxe4 20. Nxe4 Nd7 21. Rc1 Rac8 22. Qd3 Qa5+ 23. Qd2 Qa3 $132 {
,but also in this case black seems to have sufficient counterchanses.}) 17...
Bxe4 18. Bxe4 g6 19. Nd2 Nc5 20. Qc2 ({It was better to keep the bishop by} 20.
Bc2 $1 Rac8 21. Rc1 (21. b4 $5 Ncd7 22. Bb3 $13) 21... Bd8 22. Qf3 a5 23. Kf1
Nbd7 24. Kg2 $14 {and white has very comfortable advantage.}) 20... Nxe4 21.
Qxe4 ({It's impossible to take with the knight} 21. Nxe4 $2 Nxd5 $17 {[%cal
Gc7c2]}) 21... Nd7 22. O-O Nc5 23. Bxc5 $5 {White decides to give up the
bishop hoping to transfer f4 and to use the fact that black bishop is out of
play.} (23. Qg2 Rae8 24. f4 exf4 25. Bd4 $1 (25. Rxf4 $2 Bxg5 $15 {[%cal Ge8e3]
}) 25... f6 $5 26. b4 fxg5 27. bxc5 dxc5 28. Bb2 g4 29. Qe4 Kh7 $132) 23...
Qxc5 24. Kh1 {[%cal Gf2f4]} Rae8 25. f4 exf4 26. Rae1 $1 {Strong move
preventing Bd8.} (26. Qxf4) 26... Qc8 27. Qg2 Qg4 $6 {This move is inaccracy
after which white could get an endgame with some winning chanses.Deserved
attention} (27... Bd8 $5) 28. Qh2 $2 {An only mistake white makes in the game
proves to be crucial.After correct} (28. Qxg4 $1 hxg4 29. Re4 $3 (29. Rxf4 $2
Bxg5 $1 30. Rxe8 Bxf4 31. Re2 Kg7 $19) 29... f5 30. gxf6 Rxf6 (30... Bxf6 $6
31. Rfxf4 Bxh4 (31... Be5 32. Rxg4 Rf2 33. Rxg6+ Kh7 34. Rg2 $18) 32. Rxg4 $16)
31. Rfxf4 (31. Kg2 b5 32. Rfe1 Rf7 $15 {[%cal Gg8f8,Ge8b8]}) 31... Rxf4 32.
Rxf4 Bxh4 33. Ne4 Be7 34. Kg2 $14 {black has to work hard to make a draw.})
28... Bd8 $1 $17 29. Ne4 (29. Rxe8 Rxe8 30. Rxf4 (30. Qxf4 $2 Qh3+ 31. Kg1 Bb6+
$19) 30... Re1+ 31. Nf1 Qd1 32. Qf2 Re2 33. Qf3 Qe1 $17) 29... f3 30. Rg1 Rxe4
$1 $19 {White probably missed this strong reply making his 28th move.Now
white's position deteriorates in a few moves.} 31. Rxg4 Rxe1+ 32. Rg1 Rfe8 {
[%csl Rh1][%cal Gd8b6]} 33. Qf2 $8 R1e2 34. Qg3 (34. Qxf3 R8e3 35. Qf1 Bb6 $1
$19 {[%cal Gb6d4,Gd4e5]}) 34... Bb6 35. Rf1 R8e4 36. Qh3 Rg4 $1 {[%cal Gf3f2,
Gg4g1]} 0-1

[Event "Capablanca Memorial Elite 33rd"]
[Site "Havana"]
[Date "1998.05.14"]
[Round "6"]
[White "Morovic Fernandez, Ivan"]
[Black "Zilberman, Yaacov"]
[Result "1-0"]
[WhiteElo "2600"]
[BlackElo "2555"]
[Annotator "Finkel,A"]
[PlyCount "135"]
[EventDate "1998.05.07"]
[EventType "tourn"]
[EventRounds "11"]
[EventCountry "CUB"]
[EventCategory "12"]
[SourceTitle "CBM 065"]
[Source "ChessBase"]
[SourceDate "1998.08.06"]
[SourceVersion "1"]
[SourceVersionDate "1998.08.06"]
[SourceQuality "1"]

{[%mdl 3120]} 1. e4 Nf6 2. e5 Nd5 3. d4 d6 4. Nf3 Bg4 5. Be2 e6 6. O-O Be7 7.
c4 Nb6 8. Nc3 O-O 9. exd6 cxd6 10. Be3 d5 11. c5 Bxf3 12. Bxf3 Nc4 13. Bf4 (13.
Bc1 $5 b6 14. b3 Na5 15. cxb6 axb6 16. Nb5 Nac6 17. Bf4 Bf6 18. a3 $14 {
Akhmadeev,V-Loginov,V/URS-chT 1988/1-0 (53)}) 13... Nc6 (13... Nxb2 $6 14. Qb1
Nc4 15. Qxb7 Nd7 16. c6 $6 (16. Nxd5 $5 exd5 17. Qxd5 Na3 18. Qxa8 Qxa8 19.
Bxa8 Rxa8 20. Rac1 $16) 16... Ndb6 17. Bc7 Qe8 18. Bxb6 axb6 19. Nxd5 $1 $14 {
Cocozza,M-Smith,R/Luzern olm 1982 (40)}) 14. b3 N4a5 15. Be3 (15. Rb1 Bf6 16.
Ne2 $5 (16. Be3 b6 17. b4 (17. cxb6 $6 Qxb6 18. Na4 Qb4 19. a3 Qd6 20. Nc5 Rfc8
21. Rc1 Ne7 $13 {Geller,E-Kortschnoj,V/Stockholm izt 1962/1/2-1/2 (56)}) 17...
bxc5 $1 18. bxc5 Nc4 19. Be2 Qa5 20. Ne4 $5 $13 {Dervishi,E-Bagirov,R/EU-chJM
U18 1997 (48)}) 16... Ne7 17. Ng3 Nec6 18. Be3 g6 $5 19. Re1 Bg7 $11 {Jirovsky,
P-Smejkal,L/Team Championships, CZE 1998 (26)}) 15... Bf6 (15... b6 $5 16. Na4
Rb8 $6 (16... b5 17. Nc3 b4 18. Na4 Bf6 19. Qd2 Ne7 $6 (19... Rb8 20. Rad1 Ne7
21. Bg4 Nac6 22. Qc2 g6 23. Qd2 $14 {Majer,J-Kviriashvili,I/Komercni Banka op
1996/1-0 (57)}) 20. Qxb4 Nac6 21. Qc3 e5 22. Qd2 exd4 23. Bf4 Qd7 24. Rad1 $16
{Kostro,J-Iskov,G/Nice olm 1974/1/2-1/2 (99)}) (16... Nb7 17. Qd2 Rc8 18. b4
Bf6 19. Rad1 Ne7 20. Be2 Qd7 21. b5 Qd8 22. Bg4 $14 {Hracek,Z-Jansa,V/CZE-ch
plof m 1994 (47)}) 17. Rc1 bxc5 18. Nxc5 Bf6 19. a3 Ne7 20. Be2 Nf5 21. b4 Nb7
22. Bf4 $14 {Karpov,A-Bagirov,V/URS-ch38 Riga 1970 (46)}) 16. Rc1 Ne7 $5 17. g4
$5 {Responsible,but fully justified decision.White takes under controle very
important square f5 depriving black counterplay against pawn d4.} Nec6 (17...
Ng6 18. Be2 b6 19. Na4 (19. b4 $6 Nc4 20. Bxc4 dxc4 $15) 19... bxc5 20. Nxc5 e5
(20... Rc8 21. f4 Nc6 22. a3 $14) 21. dxe5 Bxe5 22. f4 Bc7 23. Qd2 $14) 18. Bg2
b6 19. Na4 Re8 20. f4 $14 {Now,when he does'nt have to worry about the center
white can slowly increase the pressure on the queenside.} Rc8 21. Qd2 Nb7 $6 {
Letting white to play b4.It was better to keep the knight on a5.} (21... g6 22.
Rfd1 Bg7 23. h3 b5) 22. b4 g6 23. Rfd1 Bg7 (23... bxc5 $6 24. dxc5 {[%csl Rb7]}
(24. Nxc5 $6 Nd6 $15) 24... Bg7 25. Bf2 Ne7 26. Nc3 $14) 24. h3 b5 25. Nb2 Qc7
26. Bf2 Ra8 (26... a5 27. a3 {[%csl Rb5]} Rb8 28. Bf1 Na7 29. Nd3 Rbc8 30. Be2
$14 {[%cal Gg1g2,Gd1h1,Gh3h5]}) 27. a4 $5 bxa4 28. Nxa4 Reb8 29. Bf1 Nbd8 30.
Rb1 {White's advantage becomes more and more significient:black simply doesn't
have enougph space for manouvering,while white can strangthen his position
without giving black any chanse of counterplay.} a6 31. Rb2 Rb7 32. Ra1 Raa7
33. Kg2 Qb8 34. Rab1 Qc7 35. Be3 Qb8 36. Be2 Qc7 37. Nc3 {[%cal Gb4b5]} Qb8 38.
Na4 {White decides to postpone the active measures till the timecontrole.} Qc7
39. Bf1 Qb8 40. Be2 Qc7 41. Rc1 Qb8 42. Nb6 {Finally deciding to create
something.} Qc7 43. Qc3 Bf6 44. Qd2 Bg7 45. Ra1 Rxb6 $8 ({Very few chanses of
survival leaves} 45... Nb8 46. Rba2 Ndc6 47. Bxa6 Rxa6 48. Rxa6 Nxa6 49. Rxa6
Nb8 50. Ra1 Qc6 51. Qe2 $16) 46. cxb6 Qxb6 47. b5 axb5 48. Rxb5 Qc7 49. Rxa7
Qxa7 50. Rc5 {White won an exchange,but black's defensive resourses re still
quiet significient.} Bf8 51. Rc2 Bd6 52. Ra2 Qb8 53. Rb2 Qa7 54. Ra2 Qb8 55.
Rb2 Qa7 56. Bb5 Qa3 57. Rc2 Qa8 58. f5 $1 $16 {Breaking through black's
defense.} exf5 59. gxf5 Qb7 60. Bxc6 Nxc6 61. Qc1 Na7 (61... Ne7 62. f6 Nf5 63.
Rc8+ Bf8 64. Qc5 $1 (64. Bf2 $6 Nd6 65. Rxf8+ Kxf8 66. Qc5 Qb8 67. Bg3 Qb2+ 68.
Kf3 Qb3+ $11 69. Kg4 $2 h5+) 64... Nxe3+ 65. Kf3 Qxc8 66. Qxc8 $18) (61... Nd8
62. Rc8 Be7 63. Qc7 Qxc7 64. Rxc7 Bf6 65. fxg6 hxg6 66. Rd7 $18) 62. Bh6 $1 $18
{[%csl Rg8]} Qd7 63. Ra2 Nc6 64. Ra8+ Nd8 65. Qe3 (65. Qc8 $5 Qxc8 66. Rxc8 Be7
67. Rc7 Bf6 68. Rd7 Nc6 69. Rd6 $18) 65... Qe7 66. f6 $1 Qd7 67. Bg5 Bf8 68.
Qe7 $1 1-0